Responses for Show #352 - Tuesday, January 14, 1986

Contestants

[<< previous game]

Les Kalman, a physician from Glendale, California

Bill Fleming, a police sergeant from Mission Viejo, California

Sherrie Ballard, a legal secretary from Van Nuys, California (whose 1-day cash winnings total $11,000)

[next game >>]

Jeopardy! Round responses

ATHLETIC SONGS
HODGEPODGE
TECHNOLOGY
ANNIVERSARY SYMBOLS
THE BIBLE
"BEAVER"s
    $100 15
the daring young man on the flying trapeze

Les
    $100 1
camels

Sherrie!
    $100 10
Sony

Sherrie!
    $100 17
the 50th anniversary

Sherrie!
    $100 26
(Alex: He had spares of some species.)

Noah

Sherrie!
    $100 5
Leave It to Beaver

Sherrie!
    $200 16
(Bill: [No response])
(Les: You had to do the neutron dance)

"Jump!"

BillLes
Triple Stumper
    $200 2
a computer

Sherrie!
    $200 11
(Bill: Who is Kirby?)

(William) Hoover

BillLes
    $200 18
25

Les
    $200 27
[The end-of-round signal sounds.]

tomorrow you will die

Sherrie!
    $200 6
an eager beaver

Bill
    $300 22
"Climb Every Mountain"

Sherrie!
    $300 3
Gaelic

Sherrie!
    $300 12
(Sherrie: What is the time at the telephone company?)
(Bill: What is the automobile horn?)

the telephone answering machine

Sherrie!Bill
Triple Stumper
    $300 19
75th wedding anniversary

Sherrie!
    $300 7
beaver board

Sherrie!
    $200 23
(Alex: And we've got less than a minute to go in this round.)
[The song was reprised going into the break.]

"The Boxer"

Sherrie!
    $400 4
John Travolta

Bill
    $400 13
sliced bread

Bill
    $400 20
the 1st anniversary

Les
    $400 8
Beaver Valley

Bill
    $500 24
"I'm Walkin'"

Bill
    $500 14
zirconium

Triple Stumper
    $500 25
sonar

Bill
    $500 21
(Alex: When you've been married [*], you get wood.)
[Laughter]
(Alex: In a different form.)

5 years

Triple Stumper
    $500 9
Louise Beavers

Les

Scores at the first commercial break (after clue 12):

Sherrie! Bill Les
$800 $500 $700

Scores at the end of the Jeopardy! Round:

Sherrie! Bill Les
$2,000 $1,700 $1,200

Double Jeopardy! Round responses

U.S. HISTORY
15-LETTER WORDS
GEMS
NOTORIOUS
FOOD & DRINK
MOVIE LAST LINES
    $200 1
Australia

Bill
    $200 7
inconsequential

Les
    $200 16
Bluebeard

Bill
    $200 12
veal

Bill
    $200 2
Martha (or Elizabeth Taylor)

Sherrie!
    $400 8
Pearl Harbor

Sherrie!
    $400 23
insubordination

Bill
    $400 18
Josef Mengele

Les
    $400 13
(Sherrie: What are minnows?)
...
(Alex: Remember, we're dealing with FOOD & DRINK.)

sardines

Sherrie!
Triple Stumper
    $400 3
(Les: What is Seven Wives for Seven Brothers?)
...
(Alex: When we're dealing with titles, you have to get it absolutely right.)

Seven Brides for Seven Brothers

Sherrie!Les
    $600 9
Havana

Les
    $600 24
hardheartedness

Triple Stumper
    $600 22
(Sherrie: [In a [*] accent] I can't resist it. What is [*]?)
...
(Alex: We've got less than a minute to go in the round.)

the mafia

Sherrie!
    $600 14
(Les: What's vinegar?)

ketchup

Les
Triple Stumper
    $600 4
Marlon Brando

Sherrie!
    $800 10
Thomas Jefferson

Les
    $1,000 25
(Bill: [*].)
(Alex: Phrasing.)

congratulations

Bill
    $800 21
the crown jewels

Sherrie!
    $800 15
(Les: What is linguine?)

vermicelli

Sherrie!Les
    $800 5
The Rainmaker

Sherrie!
    $1000 11
the Molly Maguires

Sherrie!
    $1000 26
(Les: What is surreptitious?)
(Alex: That...no. Sorry.)
(Les: -ly.)
[The end-of-round signal sounds.]

surreptitiously

BillLes
    $1000 19
(Les: What is aquamarine?)
(Sherrie: What is ruby?)

a turquoise

Sherrie!Les
Triple Stumper
    $1000 20
Juan Corona

Sherrie!
    $1000 17
peanut butter

Bill
    $1000 6
[Applause for Sherrie's run of the category]
(Alex: In Guess Who's Coming To Dinner?)

Spencer Tracy

Sherrie!

Scores at the end of the Double Jeopardy! Round:

Sherrie! Bill Les
$8,200 $5,700 -$600

[wagering suggestions for these scores]

Final Jeopardy! Round responses

BUSINESS & INDUSTRY
(Alex: Usually that's an intimidating subject on Jeopardy!)
BillWhat is clothing?
$5,700
Sherrie!What is clothing
$800
clothing

Final scores:

Sherrie! Bill Les
$9,000 $11,400 -$600
2nd place: a cruise to the Bahamas New champion: $11,400 3rd place: Casablanca ceiling fan

Game dynamics:

Coryat scores:

Sherrie! Bill Les
$8,400 $5,500 -$600
23 R
(including 2 DDs),
3 W
13 R
(including 1 DD),
3 W
9 R,
6 W

Combined Coryat: $13,300

[game clues] [game scores] [suggest correction]

Game tape date: 1985-09-10
The J! Archive is created by fans, for fans. Scraping, republication, monetization, and malicious use prohibited; this site may use cookies and collect identifying information. See terms. The Jeopardy! game show and all elements thereof, including but not limited to copyright and trademark thereto, are the property of Jeopardy Productions, Inc. and are protected under law. This website is not affiliated with, sponsored by, or operated by Jeopardy Productions, Inc. Join the discussion at JBoard.tv.